000 00638cam a2200193 4500500
005 20260405001530.0
041 _afre
042 _adc
100 1 0 _aLegros, Martin
_eauthor
245 0 0 _aNormand Baillargeon : « Transmettre les savoirs généraux indispensables à la démocratie »
260 _c2013.
500 _a94
690 _aÉcole
690 _aNormand Baillargeon
690 _aPaul Hirst
690 _aPédagogie
786 0 _nPhilosophie magazine | 72 | 9 | 2013-09-01 | p. 31-31 | 1951-1787
856 4 1 _uhttps://shs.cairn.info/magazine-philosophie-magazine-2013-9-page-31?lang=fr&redirect-ssocas=7080
999 _c2048647
_d2048647